Todos os jogadores do Atletico De Madrid - Statistics

Estatísticas Gerais
  • Esse quiz foi jogado 38 vezes
  • A pontuação média é 12 de 24
Estatísticas das Respostas
Numero Jogador % Correto
13 Jan Oblak
96%
7 Antoine Griezmann
92%
Treinador Diego Simeone
76%
2 Jose Maria Gimenez
72%
19 Alvaro Morata
68%
10 Angel Correa
68%
6 Koke
68%
14 Marcos Llorente
56%
5 Rodrigo De Paul
56%
8 Saul Niguez
56%
20 Axel Witsel
52%
9 Memphis Depay
52%
12 Samuel Lino
52%
15 Stefan Savic
48%
16 Nahuel Molina
36%
11 Thomas Lemar
36%
22 Mario Hermoso
32%
23 Reinildo Mandava
32%
25 Rodrigo Riquelme
28%
1 Ivo Grbic
20%
24 Pablo Barrios
20%
3 Cesar Azpilicueta
16%
4 Caglar Soyuncu
12%
17 Javi Galan
12%
Nenhum quiz correspondente encontrado
Distribuição das Pontuações
Porcentagem de Pessoas com Cada Pontuação
Percentil de Números Respondidos
Sua Pontuação Histórica
Você não jogou esse quiz